[Event "European Rapid 2017"]
[Site "Katowice POL"]
[Date "2017.12.17"]
[Round "10.46"]
[White "Mohr, Georg"]
[Black "Tymrakiewicz, Rafal"]
[Result "1-0"]
[WhiteTitle "GM"]
[BlackTitle "FM"]
[WhiteElo "2473"]
[BlackElo "2272"]
[WhiteFideId "14600013"]
[BlackFideId "1108832"]
[EventDate "2017.12.16"]

1. e4 c6 2. d4 d5 3. Nc3 dxe4 4. Nxe4 Nf6 5. Nxf6+ gxf6 6. Nf3 Bf5 7. g3 Qd5 8.
Be3 Nd7 9. Bg2 Qc4 10. c3 O-O-O 11. Qb3 Nb6 12. Nd2 Qxb3 13. axb3 a6 14. c4 Na8
15. O-O Nc7 16. Ne4 Bxe4 17. Bxe4 e6 18. Rfd1 f5 19. Bf3 Bg7 20. Rd2 Rd7 21.
Rad1 Bf6 22. d5 cxd5 23. cxd5 Nxd5 24. Bxd5 exd5 25. Rxd5 Rxd5 26. Rxd5 Bxb2 27.
Rxf5 f6 28. Kf1 Kd7 29. Ke2 Ke6 30. Rh5 Be5 31. f4 Bb2 32. g4 b5 33. Rc5 Kd7 34.
Kd3 Ba3 35. Rh5 Bd6 36. Rf5 Be7 37. Bd4 Rg8 38. h3 Ke6 39. Rh5 Rg7 40. Ke4 Rf7
41. Rd5 Bd6 42. Rh5 Be7 43. Rh6 a5 44. Rh5 f5+ 45. gxf5+ Kd7 46. f6 Bxf6 47.
Bxf6 Rxf6 48. Rxh7+ Kd6 49. Rh5 Re6+ 50. Kd4 Rf6 51. Ke4 Re6+ 52. Kf3 Kc6 53. f5
Re1 54. Kf4 a4 55. bxa4 bxa4 56. Rh8 Rh1 57. Kg4 Rg1+ 58. Kf4 Rh1 59. Ke5 a3 60.
Ra8 Rxh3 61. f6 Kd7 62. f7 Re3+ 63. Kd4 Rf3 64. f8=Q 1-0

[Event "European Rapid 2017"]
[Site "Katowice POL"]
[Date "2017.12.17"]
[Round "10.47"]
[White "Shubin, Kirill"]
[Black "Ladva, Ottomar"]
[Result "0-1"]
[WhiteTitle "FM"]
[BlackTitle "GM"]
[WhiteElo "2287"]
[BlackElo "2522"]
[WhiteFideId "34119962"]
[BlackFideId "4500024"]
[EventDate "2017.12.16"]

1. e4 g6 2. d4 Bg7 3. Nc3 d6 4. Be3 a6 5. Qd2 b5 6. f3 Bb7 7. h4 h6 8. h5 g5 9.
a4 b4 10. Nce2 a5 11. Ng3 e6 12. O-O-O Nd7 13. f4 gxf4 14. Bxf4 Bxd4 15. Qxd4 e5
16. Qd2 exf4 17. Qxf4 Qg5 18. Qxg5 hxg5 19. Nf3 g4 20. Nd4 Ne5 21. Bb5+ Ke7 22.
Rdf1 Nh6 23. Rf4 Bc8 24. Rhf1 Be6 25. Nc6+ Nxc6 26. Bxc6 Rag8 27. Bb5 Rg5 28. b3
Ng8 29. Kb2 Rh6 30. c3 bxc3+ 31. Kxc3 c5 32. Bc4 Nf6 33. Bxe6 fxe6 34. Kc4 Rg8
35. e5 dxe5 36. Rf5 exf5 37. Nxf5+ Ke6 38. Nxh6 Rh8 39. Nf5 Nxh5 40. Ne3 g3 41.
Rh1 Kf6 42. Kxc5 Kg5 43. Kd6 e4 44. Rh3 Rb8 45. Ke5 Rxb3 46. Kxe4 Rb4+ 47. Ke5
Rxa4 48. Nf1 Rg4 49. Nd2 a4 50. Nf3+ Kh6 51. Rh1 a3 52. Nd4 Rg5+ 53. Ke4 Ra5 54.
Ra1 a2 55. Nb3 Ra4+ 56. Ke5 Nf4 57. Nc1 Nxg2 58. Nxa2 Nh4 0-1

[Event "European Rapid 2017"]
[Site "Katowice POL"]
[Date "2017.12.17"]
[Round "10.48"]
[White "Rausis, Igors"]
[Black "Batashevs, Arsens"]
[Result "1-0"]
[WhiteTitle "GM"]
[WhiteElo "2632"]
[BlackElo "2139"]
[WhiteFideId "11600098"]
[BlackFideId "11603593"]
[EventDate "2017.12.16"]

1. Nf3 g6 2. e4 Bg7 3. d4 d6 4. c3 Nf6 5. Bd3 Bg4 6. Nbd2 Nbd7 7. Qb3 Bxf3 8.
Nxf3 Rb8 9. e5 dxe5 10. dxe5 Ng4 11. e6 Nc5 12. Qb5+ Kf8 13. Qxc5 Qxd3 14. exf7
Rd8 15. Bd2 Ne5 16. O-O-O Qxf3 17. Bg5 Rxd1+ 18. Rxd1 Qxd1+ 19. Kxd1 Nc6 20. Qd5
h6 21. Bf4 Bf6 22. Bxc7 Kg7 23. Kc2 Rf8 24. Qb5 Nd8 25. Bxd8 Rxd8 26. Qe8 e5 1-0

[Event "European Rapid 2017"]
[Site "Katowice POL"]
[Date "2017.12.17"]
[Round "10.49"]
[White "Gbyl, Andrzej"]
[Black "Zwardon, Vojtech"]
[Result "0-1"]
[BlackTitle "IM"]
[WhiteElo "2243"]
[BlackElo "2408"]
[WhiteFideId "1117440"]
[BlackFideId "325511"]
[EventDate "2017.12.16"]

1. d4 Nf6 2. c4 e5 3. dxe5 Ng4 4. Nf3 Bc5 5. e3 Nc6 6. Be2 O-O 7. O-O Re8 8. Nc3
a5 9. b3 Ncxe5 10. Bb2 Nxf2 11. Rxf2 Ng4 12. Nd4 Nxf2 13. Kxf2 Qh4+ 14. Kg1 Rxe3
15. Nd5 Bxd4 16. Qxd4 Qxd4 17. Bxd4 Rxe2 18. Nxc7 Ra6 19. Nxa6 bxa6 20. Kf1 Rd2
21. Re1 f6 22. Bc3 Rc2 23. Bxa5 Rxa2 24. Re8+ Kf7 25. Rxc8 Rxa5 26. Ra8 Ra1+ 27.
Kf2 Ra2+ 28. Kf1 g6 29. h3 Ra3 30. b4 Ra4 31. Rb8 h5 32. Ke2 h4 33. Kd3 Ra2 34.
Ra8 Rxg2 35. Rxa6 Rg3+ 36. Kc2 Rxh3 37. b5 Rh2+ 38. Kc3 Rh1 39. b6 Rb1 40. c5 h3
41. Ra2 g5 42. Rd2 g4 43. Rxd7+ Kg6 44. Rd2 g3 45. Rb2 Rc1+ 46. Kd2 g2 47. b7
g1=Q 48. b8=Q Qe1+ 49. Kd3 Rc3+ 50. Kd4 Qe3+ 51. Kd5 Rxc5+ 52. Kd6 Qd4+ 53. Ke7
Re5+ 54. Kf8 Qc5+ 55. Kg8 Qc4+ 0-1

[Event "European Rapid 2017"]
[Site "Katowice POL"]
[Date "2017.12.17"]
[Round "10.50"]
[White "Shkapenko, Pavel"]
[Black "Colls Gelaberto, Emili"]
[Result "1-0"]
[WhiteTitle "IM"]
[BlackTitle "CM"]
[WhiteElo "2431"]
[BlackElo "2093"]
[WhiteFideId "4151933"]
[BlackFideId "2209950"]
[EventDate "2017.12.16"]

1. e4 c6 2. d4 d5 3. e5 Bf5 4. h4 h5 5. Bd3 Bxd3 6. Qxd3 e6 7. Bg5 Qb6 8. Nd2 c5
9. c4 Ne7 10. Ngf3 Nbc6 11. O-O cxd4 12. a3 O-O-O 13. cxd5 Rxd5 14. Nc4 Qc7 15.
Nd6+ Rxd6 16. exd6 Qxd6 17. b4 Nf5 18. b5 Ne5 19. Qe4 Nxf3+ 20. Qxf3 Qd5 21.
Qxd5 exd5 22. Bf4 Kd7 23. Rac1 Bd6 24. Bxd6 Kxd6 25. Rfd1 Re8 26. Kf1 Re7 27. g3
Rc7 28. Rxc7 Kxc7 29. Ke2 Kd6 30. Rc1 g6 31. Kd3 Kd7 32. a4 Kd6 33. Rc8 Kd7 34.
Rf8 Ke6 35. Ra8 Kd6 36. Rxa7 Kc7 37. Ra8 Kb6 38. Rf8 Nd6 39. Kxd4 f5 40. Rf6 1-0

[Event "European Rapid 2017"]
[Site "Katowice POL"]
[Date "2017.12.17"]
[Round "10.51"]
[White "Zorko, Jure"]
[Black "Kruszynski, Wlodzimierz"]
[Result "1-0"]
[WhiteTitle "IM"]
[BlackTitle "IM"]
[WhiteElo "2457"]
[BlackElo "2313"]
[WhiteFideId "14604051"]
[BlackFideId "1100670"]
[EventDate "2017.12.16"]

1. d4 Nf6 2. Nf3 e6 3. e3 b6 4. Bd3 Bb7 5. O-O c5 6. c4 Be7 7. Nc3 cxd4 8. exd4
d5 9. cxd5 Nxd5 10. Ne5 O-O 11. Qh5 Nf6 12. Qh4 Nc6 13. Bg5 g6 14. Ba6 Nxe5 15.
dxe5 Nd5 16. Bxe7 1-0

[Event "European Rapid 2017"]
[Site "Katowice POL"]
[Date "2017.12.17"]
[Round "10.52"]
[White "Kanarek, Marcel"]
[Black "Karpus, Michal"]
[Result "0-1"]
[WhiteTitle "GM"]
[BlackTitle "FM"]
[WhiteElo "2505"]
[BlackElo "2328"]
[WhiteFideId "1126822"]
[BlackFideId "1174088"]
[EventDate "2017.12.16"]

1. d4 Nf6 2. c4 g6 3. Nc3 d5 4. cxd5 Nxd5 5. e4 Nxc3 6. bxc3 Bg7 7. Nf3 c5 8.
Rb1 O-O 9. Be2 b6 10. O-O Qc7 11. Bg5 Nc6 12. d5 Ne5 13. Qd2 Bg4 14. Nxe5 Bxe2
15. Nxg6 hxg6 16. Qxe2 Bxc3 17. Rb3 Bd4 18. Rh3 Qe5 19. Qg4 f5 20. Qh4 Rf7 21.
exf5 Qxf5 22. Bxe7 Qxd5 23. Kh1 Qe6 24. Bg5 Qe2 25. Rc1 Qxf2 26. Qxf2 Rxf2 27.
Be3 Bxe3 28. Rxe3 Raf8 29. h4 Rxa2 30. Rd1 Raf2 31. Rd6 R2f6 32. Rd7 R8f7 33.
Rd8+ Kg7 34. Ra8 Rc6 35. Ree8 c4 36. g4 Kf6 37. Re1 c3 38. g5+ Kf5 39. Rae8 c2
40. Rf1+ Kg4 41. Rg1+ Kf4 42. Rf1+ Kg3 43. Rg1+ Kf2 44. Ree1 c1=Q 45. Rxc1 Rxc1
46. Rxc1 Kg3 47. h5 gxh5 48. g6 Rg7 49. Ra1 Kg4 50. Kh2 a5 51. Rg1+ Kf5 52. Rb1
Rxg6 53. Rb5+ Kg4 0-1

[Event "European Rapid 2017"]
[Site "Katowice POL"]
[Date "2017.12.17"]
[Round "10.53"]
[White "Smolka, Marcin"]
[Black "Djuric, Stefan"]
[Result "0-1"]
[BlackTitle "GM"]
[WhiteElo "2178"]
[BlackElo "2383"]
[WhiteFideId "1139681"]
[BlackFideId "900133"]
[EventDate "2017.12.16"]

1. e4 e5 2. Nf3 Nc6 3. Bc4 Bc5 4. c3 Qe7 5. O-O d6 6. d4 Bb6 7. h3 Nf6 8. Re1 h6
9. b4 g5 10. a4 a6 11. Ba3 g4 12. hxg4 Nxg4 13. b5 Na5 14. Nbd2 h5 15. dxe5 Nxf2
16. Qe2 Ng4+ 17. Kh1 Nxe5 18. Ba2 Bg4 19. Rf1 h4 20. Qe1 Nd3 21. Qb1 Nf2+ 22.
Kh2 h3 23. g3 Be6 24. Nd4 Ng4+ 25. Kh1 Bxa2 26. Qxa2 Ne5 27. Nf5 Qg5 28. Qd5
O-O-O 29. bxa6 c6 30. Nxd6+ Kb8 31. Nf3 Qxg3 32. a7+ Ka8 33. Qd2 Nxf3 34. Qe2
Rdg8 35. Rg1 Qxg1+ 0-1

[Event "European Rapid 2017"]
[Site "Katowice POL"]
[Date "2017.12.17"]
[Round "10.54"]
[White "Licznerski, Lukasz"]
[Black "Obrusnik, Michal"]
[Result "1-0"]
[WhiteTitle "FM"]
[BlackTitle "FM"]
[WhiteElo "2267"]
[BlackElo "2268"]
[WhiteFideId "1179250"]
[BlackFideId "1136674"]
[EventDate "2017.12.16"]

1. e4 c5 2. Nf3 d6 3. d4 cxd4 4. Qxd4 a6 5. c4 Nc6 6. Qd2 Nf6 7. Nc3 g6 8. b3
Bg7 9. Bb2 O-O 10. Be2 Qa5 11. Nd5 Qxd2+ 12. Nxd2 Nd7 13. Bxg7 Kxg7 14. O-O Rb8
15. Rac1 Re8 16. Rfd1 b6 17. f4 Kf8 18. g3 Rd8 19. Kf2 Bb7 20. Bg4 Nc5 21. Ke3
Bc8 22. Be2 Nd7 23. Nf3 Bb7 24. h4 Ba8 25. h5 e6 26. Nc3 Nf6 27. hxg6 hxg6 28.
Ng5 Ke7 29. Rd2 Na7 30. Rcd1 Bc6 31. e5 dxe5 32. Rxd8 exf4+ 33. gxf4 Rxd8 34.
Rxd8 Kxd8 35. Nxf7+ Ke7 36. Ne5 Nd7 37. Nxg6+ Kf6 38. Nh4 b5 39. Ne4+ Bxe4 40.
Kxe4 bxc4 41. Bxc4 Nb5 42. a4 Nc5+ 43. Ke3 e5 44. fxe5+ Kxe5 45. axb5 axb5 46.
Bg8 b4 47. Nf3+ Kd6 48. Kd4 Nxb3+ 49. Bxb3 Ke7 50. Kc4 Kf6 51. Kxb4 Kf5 52. Kc5
Kf4 53. Bd5 Ke3 54. Kc4 Kf4 55. Kd4 Kg4 56. Ke4 Kg3 57. Be6 Kf2 58. Bc4 Kg3 59.
Ke3 Kg4 60. Be6+ Kh5 61. Kf4 Kg6 62. Bf5+ Kf6 63. Ke4 Ke7 64. Ke5 Kf7 65. Ng5+
Kg7 66. Ke6 Kh6 67. Kf6 Kh5 68. Nf3 Kh6 69. Bg4 Kh7 70. Ng5+ Kh6 71. Nf7+ Kh7
72. Bf5+ Kg8 73. Be4 Kf8 74. Bh7 Ke8 75. Ne5 Kd8 76. Ke6 Kc7 77. Nd7 Kc6 78. Bd3
Kb7 79. Bb5 Kc7 80. Ke7 Kc8 81. Kd6 Kd8 82. Ba4 Ke8 83. Bb3 Kd8 84. Bf7 Kc8 85.
Nc5 Kd8 86. Nb7+ Kc8 87. Kc6 Kb8 88. Kb6 Ka8 89. Be6 Kb8 90. Nc5 Ka8 91. Bf5 1-0

[Event "European Rapid 2017"]
[Site "Katowice POL"]
[Date "2017.12.17"]
[Round "10.55"]
[White "Pribyl, Josef"]
[Black "Polivanov, Anatoliy"]
[Result "1/2-1/2"]
[WhiteTitle "IM"]
[BlackTitle "IM"]
[WhiteElo "2263"]
[BlackElo "2383"]
[WhiteFideId "300187"]
[BlackFideId "14109468"]
[EventDate "2017.12.16"]

1. d4 d5 2. Nf3 Nf6 3. g3 c5 4. Bg2 cxd4 5. Nxd4 e5 6. Nb3 Be6 7. c4 Nc6 8. cxd5
Bxd5 9. O-O Bxg2 10. Kxg2 Be7 11. Nc3 O-O 12. Bg5 Nd7 13. Bxe7 Nxe7 14. Qd6 Nc6
15. Rfd1 Nf6 16. Qxd8 Rfxd8 17. Rxd8+ Rxd8 18. Rd1 Rxd1 19. Nxd1 Nd5 20. Nc3
Nxc3 21. bxc3 b6 22. Kf3 f6 23. Ke4 Ne7 24. f4 exf4 25. gxf4 Kf7 26. Nd4 g5 27.
fxg5 fxg5 28. Ke5 h5 29. e4 g4 30. a4 h4 31. Kf4 g3 32. hxg3 Ng6+ 33. Kg4 hxg3
34. Kxg3 Ne5 35. Kf4 Kf6 36. Nb5 Nd3+ 37. Ke3 Nc5 38. Nxa7 Nxa4 39. Kd4 Ke6 40.
Nb5 Nc5 41. Nc7+ Kd6 42. Nd5 Ne6+ 43. Kc4 Ke5 44. Nxb6 Kxe4 45. Nd7 Nf4 46. Nc5+
Ke5 47. Kb5 Nd5 48. c4 Ne3 49. Nd3+ Kd4 1/2-1/2

[Event "European Rapid 2017"]
[Site "Katowice POL"]
[Date "2017.12.17"]
[Round "10.56"]
[White "Konopka, Michal"]
[Black "Dorokhin, Mykhailo"]
[Result "1-0"]
[WhiteTitle "IM"]
[WhiteElo "2381"]
[BlackElo "2243"]
[WhiteFideId "308633"]
[BlackFideId "14114178"]
[EventDate "2017.12.16"]

1. Nf3 Nf6 2. c4 e6 3. g3 a6 4. Bg2 b5 5. b3 Bb7 6. O-O c5 7. Nc3 b4 8. Na4 Be7
9. d4 cxd4 10. Qxd4 Nc6 11. Qe3 Qa5 12. Rd1 O-O 13. Bb2 Rad8 14. Rac1 Ba8 15. c5
Nd5 16. Qd3 d6 17. e4 Nf6 18. Bxf6 gxf6 19. cxd6 Rxd6 20. Qe3 Rxd1+ 21. Rxd1 Rd8
22. Rxd8+ Qxd8 23. h4 Qd1+ 24. Kh2 Bd8 25. Nb6 Bb7 26. Nc4 a5 27. e5 Nxe5 28.
Nfxe5 Bxg2 29. Kxg2 fxe5 30. Qxe5 Qd7 31. Nxa5 Bxa5 32. Qxa5 Qd4 33. Qg5+ Kf8
34. Qe3 Qd5+ 35. Kh2 Qf5 36. Qd4 Qc2 37. Qxb4+ Kg8 38. Qb8+ Kg7 39. Qa7 e5 40.
b4 Qe2 41. a4 Qc4 42. Qc5 Qe2 43. b5 e4 44. b6 Qa6 45. Qb5 Qb7 46. a5 e3 47.
Qg5+ 1-0

[Event "European Rapid 2017"]
[Site "Katowice POL"]
[Date "2017.12.17"]
[Round "10.57"]
[White "D'Costa, Lorin A R"]
[Black "Godzwon, Iwo"]
[Result "1-0"]
[WhiteTitle "IM"]
[WhiteElo "2391"]
[BlackElo "2240"]
[WhiteFideId "409219"]
[BlackFideId "21802483"]
[EventDate "2017.12.16"]

1. e4 c5 2. Nf3 Nc6 3. Bb5 d6 4. Bxc6+ bxc6 5. O-O e5 6. c3 Nf6 7. Re1 Be7 8. d4
cxd4 9. cxd4 Qc7 10. h3 O-O 11. Nc3 Rb8 12. b3 Nd7 13. Bb2 Bf6 14. Rc1 Qb6 15.
Na4 Qc7 16. dxe5 Nxe5 17. Nxe5 Bxe5 18. Bxe5 dxe5 19. Qc2 Bd7 20. Nc5 Rbc8 21.
Red1 Rfd8 22. Rd3 Be8 23. Rcd1 h6 24. Qc3 Rxd3 25. Rxd3 Qe7 26. Qa5 Kf8 27. Rd1
Rb8 28. Qc3 Kg8 29. b4 Kf8 30. a3 Kg8 31. f3 Qg5 32. Nb3 Qe7 33. Qd3 Rc8 34. Kh2
Qf6 35. Nc5 Qe7 36. Qa6 Rb8 37. Kg1 Kf8 38. Qc4 Kg8 39. Qc3 Kf8 40. Rd2 Kg8 41.
Nb3 Rc8 42. Kf2 Qh4+ 43. Kf1 Qe7 44. Qc5 Kf8 45. Ke2 Qxc5 46. Nxc5 Ke7 47. Kd3
Ra8 48. Kc4 f6 49. Nb7 Rb8 50. Nd6 Bd7 51. Kc5 Rb6 52. a4 g6 53. Nc4 Rb8 54. Na5
Be8 55. Rd3 Rb6 56. Nc4 Rb8 57. Rd6 Rb7 58. Rd2 Rb8 59. Na5 Rb6 60. h4 Rb8 61.
g4 Rb6 62. g5 fxg5 63. hxg5 h5 64. Nc4 Rb8 65. Nxe5 Rd8 66. Rf2 Rd1 67. Nxc6+
Bxc6 68. Kxc6 Rd3 69. a5 h4 70. b5 Rc3+ 71. Kb7 Rb3 72. Ka6 Ke6 73. Rh2 Ke5 74.
Rxh4 Rb4 75. Rh6 Kf4 76. Rxg6 Kxf3 77. Re6 Rb1 78. g6 Kf4 79. g7 Rg1 80. Re7 Rg5
81. Kxa7 Ke3 82. a6 Kd4 83. b6 Kc5 84. Rc7+ Kd6 85. e5+ Kxe5 86. Rc5+ 1-0

[Event "European Rapid 2017"]
[Site "Katowice POL"]
[Date "2017.12.17"]
[Round "10.58"]
[White "Tomaszewski, Kacper"]
[Black "Pulpan, Jakub"]
[Result "0-1"]
[BlackTitle "IM"]
[WhiteElo "2292"]
[BlackElo "2400"]
[WhiteFideId "1127373"]
[BlackFideId "302759"]
[EventDate "2017.12.16"]

1. d4 Nf6 2. c4 e6 3. Nf3 d5 4. Nc3 dxc4 5. e3 a6 6. a4 c5 7. Bxc4 Nc6 8. O-O
cxd4 9. exd4 Nb4 10. Re1 Be7 11. Ne5 Nbd5 12. Bg5 O-O 13. Qf3 h6 14. Bh4 Nb4 15.
Rad1 Nfd5 16. Nxd5 Nxd5 17. Bxd5 Bxh4 18. Bxb7 Bxb7 19. Qxb7 Rb8 20. Qxa6 Rxb2
21. Re2 Qxd4 22. Rxb2 Qxd1+ 23. Qf1 Qxa4 24. Rb1 Rd8 25. Nf3 Bf6 26. h3 e5 27.
Qe1 Qa2 28. Rd1 Re8 29. Nd2 Bd8 30. Ne4 Bb6 31. Rd2 Qa3 32. Rd7 Qa4 33. Rd6 Bd4
34. Qe2 Qb4 35. Qg4 Qe1+ 36. Kh2 Kh8 37. Qh4 Qc1 38. g3 Rf8 39. Qe7 Qc8 40. Qh4
Kh7 41. Ng5+ Kg8 42. Ne4 Qf5 43. Kg2 f6 44. Qg4 Qxg4 45. hxg4 Ra8 46. Rd7 Ra2
47. Kf3 h5 48. Rd8+ Kf7 49. Rd7+ Ke6 50. Rxg7 hxg4+ 51. Rxg4 f5 52. Ng5+ Kd5 53.
Rxd4+ exd4 0-1

[Event "European Rapid 2017"]
[Site "Katowice POL"]
[Date "2017.12.17"]
[Round "10.59"]
[White "Bekasovs, Rihards"]
[Black "Kazakovskiy, Valeriy"]
[Result "0-1"]
[BlackTitle "IM"]
[WhiteElo "2009"]
[BlackElo "2422"]
[WhiteFideId "11606029"]
[BlackFideId "13507443"]
[EventDate "2017.12.16"]

1. Nf3 Nf6 2. b3 d5 3. Bb2 c5 4. e3 Nc6 5. Bb5 e6 6. Ne5 Qc7 7. Bxc6+ bxc6 8. f4
Bd6 9. O-O O-O 10. d3 Nd7 11. Nxd7 Bxd7 12. Nd2 f6 13. Qe2 Rae8 14. Nf3 Bc8 15.
c4 Qb6 16. g3 Re7 17. e4 Rb7 18. Qc2 Bd7 19. Bc3 Be8 20. Rab1 Bg6 21. Rfe1 Bh5
22. Kg2 Qc7 23. Qd2 Qb8 24. Ba5 Rd7 25. Qe3 Qb7 26. Bd2 Qc7 27. h3 Bf7 28. Qe2
Rb8 29. Bc3 Bf8 30. Red1 Bh5 31. Be1 Rbd8 32. g4 Bf7 33. Bg3 Re8 34. e5 f5 35.
Nh2 Bg6 36. g5 Rdd8 37. Nf3 Qf7 38. Bf2 Bh5 39. a3 Rb8 40. b4 cxb4 41. axb4 Rxb4
42. Rxb4 Bxb4 43. cxd5 cxd5 44. Ra1 a5 45. Be1 Rc8 46. Bxb4 axb4 47. Qf2 Bxf3+
48. Kxf3 h6 49. Qg2 Qh5+ 50. Ke3 hxg5 51. Qxg5 Qxg5 52. fxg5 b3 53. Rb1 Rb8 54.
h4 Kf7 55. h5 b2 56. Kd2 Rb4 57. Kc3 Rh4 58. h6 gxh6 59. gxh6 Rh2 60. Kd4 f4 61.
h7 Kg7 62. Rc1 bxc1=N 0-1

[Event "European Rapid 2017"]
[Site "Katowice POL"]
[Date "2017.12.17"]
[Round "10.60"]
[White "Jaskolka, Tomasz"]
[Black "Lubczynski, Rafal"]
[Result "1-0"]
[BlackTitle "IM"]
[WhiteElo "2011"]
[BlackElo "2429"]
[WhiteFideId "1170791"]
[BlackFideId "1126091"]
[EventDate "2017.12.16"]

1. e4 d6 2. d4 Nf6 3. Nc3 e5 4. Nf3 Nbd7 5. h3 c6 6. Be3 Be7 7. Be2 O-O 8. Qd2
b5 9. a3 a5 10. g4 Bb7 11. g5 Ne8 12. O-O-O b4 13. Nb1 c5 14. d5 Nb6 15. h4 Qd7
16. h5 f5 17. gxf6 Nxf6 18. Ng5 h6 19. Ne6 Nxe4 20. Qd3 Bxd5 21. Nxf8 Rxf8 22.
Qa6 Qc7 23. Rhg1 Kh8 24. Rg6 Ra8 25. Qd3 c4 26. Bxb6 cxd3 27. Bxc7 dxe2 28. Re1
Bg5+ 29. Rxg5 Nxg5 30. Rxe2 Bf3 31. Re3 Bxh5 32. axb4 axb4 33. Bxd6 Rd8 34. Rd3
e4 35. Rd4 Ne6 36. Rd2 Bf3 37. Bxb4 h5 38. Rxd8+ Nxd8 39. Nd2 Bg2 40. Bd6 h4 41.
b4 g5 42. Kd1 Ne6 43. b5 Nf4 44. b6 e3 45. fxe3 h3 46. Nf1 Nd5 47. b7 Nc3+ 48.
Kd2 Nb1+ 49. Kc1 Bxb7 50. Kxb1 Kg7 51. Kc1 Kf6 52. Kd2 Kf5 53. Ke2 Kg4 54. Nh2+
Kh4 55. Kf2 g4 56. Be7+ Kh5 57. Kg3 Bc8 58. Bd6 Kg5 59. Bf4+ Kh5 60. c4 Be6 61.
c5 Bd7 62. e4 Be6 63. Nf1 Bc8 64. c6 Be6 65. Ne3 Bc8 66. Nf5 h2 67. Kxh2 g3+ 68.
Bxg3 Kg4 69. c7 Be6 70. Nd6 Kf3 71. e5 Ke3 72. c8=Q 1-0

[Event "European Rapid 2017"]
[Site "Katowice POL"]
[Date "2017.12.17"]
[Round "10.61"]
[White "Fus, Jakub"]
[Black "Rocha, Sergio"]
[Result "1/2-1/2"]
[BlackTitle "IM"]
[WhiteElo "2051"]
[BlackElo "2370"]
[WhiteFideId "1193023"]
[BlackFideId "1900404"]
[EventDate "2017.12.16"]

1. c4 Nf6 2. g3 g6 3. Bg2 Bg7 4. Nc3 O-O 5. e4 d6 6. Nge2 c6 7. O-O a6 8. d3 b5
9. cxb5 axb5 10. e5 dxe5 11. Nxb5 e4 12. dxe4 cxb5 13. e5 Ra6 14. exf6 Bxf6 15.
Bf4 Bg4 16. Qxd8 Rxd8 17. Nc3 Bxc3 18. bxc3 Be6 19. Rfd1 Re8 20. Bd5 Nc6 21.
Bxe6 fxe6 22. Rab1 e5 23. Be3 Rb8 24. Rd5 Rxa2 25. Rdxb5 Rc8 26. Rc5 Ra6 27. Rb4
Rd8 28. Rbc4 Rd6 29. Rb5 Kf7 30. Kg2 Ke6 31. Rb6 Rxb6 32. Bxb6 Kd5 33. Ra4 h5
34. Be3 Rd8 35. Kf3 Rf8+ 36. Ke2 Rb8 37. Kf3 Rf8+ 38. Ke2 e4 39. c4+ Ke6 40. Ra6
Kd7 41. Rb6 Ra8 42. Kf1 Ra4 43. c5 Rc4 44. Kg2 Ne5 45. Bf4 Ng4 46. h3 Nf6 47.
Bg5 Nd5 48. Rxg6 Rxc5 49. Be3 Rc2 50. Kf1 Nf6 51. Bg5 Ke6 52. Bxf6 exf6 53. Rh6
Rc5 54. Ke2 Rf5 55. Rh8 Rg5 56. h4 Ra5 57. Ke3 Kf7 58. Kxe4 Kg7 59. Rb8 Ra4+ 60.
Kf3 Ra3+ 61. Kg2 Ra2 62. Kf3 Ra3+ 1/2-1/2

[Event "European Rapid 2017"]
[Site "Katowice POL"]
[Date "2017.12.17"]
[Round "10.62"]
[White "Sammalvuo, Tapani"]
[Black "Kowalski, Igor"]
[Result "1/2-1/2"]
[WhiteTitle "IM"]
[WhiteElo "2416"]
[BlackElo "2328"]
[WhiteFideId "501115"]
[BlackFideId "1172468"]
[EventDate "2017.12.16"]

1. d4 Nf6 2. c4 e6 3. Nf3 d5 4. Nc3 Bb4 5. cxd5 exd5 6. Bg5 Nbd7 7. e3 c6 8. Bd3
O-O 9. O-O Re8 10. Qc2 h6 11. Bh4 Bd6 12. Rab1 b6 13. e4 g5 14. Bg3 Bxg3 15.
fxg3 dxe4 16. Nxe4 Nxe4 17. Bxe4 Ba6 18. Rf2 Rc8 19. Bf5 Rc7 20. Rd1 Nf6 21. h4
Re3 22. hxg5 hxg5 23. Qd2 Nd5 24. Bc2 f6 25. Bb3 Rce7 26. Ne5 Rxb3 27. Nxc6 Rd3
28. Nxd8 Rxd2 29. Rfxd2 Rd7 30. Nc6 Bb5 31. Ne5 fxe5 32. dxe5 Bc6 33. e6 Rd6 34.
Re1 Kf8 35. Rf2+ Ke8 36. Rf5 Ne7 37. Rxg5 Bd5 38. Rge5 Bxa2 39. Ra1 Bxe6 40.
Rxa7 Kf7 41. Rb7 Kf6 42. Re2 Nd5 43. Re4 Bf5 44. Re8 Rc6 45. Rd8 Ke5 46. Re8+
Kd4 47. Re2 Bd3 48. Rf2 Kc4 49. Rd7 Rc5 50. g4 Kb3 51. g5 Nb4 52. Rd6 b5 53. g6
Rg5 54. Rf3 Kxb2 55. Kf2 Rxg6 56. Rd4 Kc3 57. Rxb4 Kxb4 58. Rxd3 Kc4 59. Rd8 Re6
60. g4 b4 61. Rc8+ Kb3 62. Kf3 Ka2 63. Ra8+ Kb2 64. Kf4 b3 65. Rb8 Ka2 66. Ra8+
Kb1 67. Rb8 b2 68. Kf5 Re3 69. g5 Kc2 70. Rxb2+ Kxb2 71. g6 Rg3 72. Kf6 Kc3 73.
g7 Kd4 74. Kf7 Rf3+ 75. Ke6 Rg3 1/2-1/2

[Event "European Rapid 2017"]
[Site "Katowice POL"]
[Date "2017.12.17"]
[Round "10.63"]
[White "Peterson, Emery"]
[Black "Olszewski, Michal"]
[Result "0-1"]
[BlackTitle "GM"]
[WhiteElo "2168"]
[BlackElo "2540"]
[WhiteFideId "4610920"]
[BlackFideId "1121251"]
[EventDate "2017.12.16"]

1. d4 Nf6 2. Nc3 d5 3. f3 c5 4. e4 e6 5. Be3 Nc6 6. Bb5 cxd4 7. Bxd4 a6 8. exd5
axb5 9. dxc6 bxc6 10. Nge2 Be7 11. O-O Qc7 12. Qe1 e5 13. Qg3 O-O 14. Bxe5 Qb6+
15. Kh1 Bf5 16. Ne4 Nh5 17. Qe1 Bxe4 18. fxe4 c5 19. Ng3 Qe6 20. Bc3 Nxg3+ 21.
Qxg3 f6 22. b3 b4 23. Bd2 Rfd8 24. Bh6 g6 25. Qf3 Ra7 26. h4 Rda8 27. h5 Rxa2
28. Rae1 Qe5 29. hxg6 hxg6 30. Bf4 Qh5+ 31. Qxh5 gxh5 32. Re2 c4 33. Rfe1 Kh7
34. e5 f5 35. e6 Kg6 36. Kg1 cxb3 37. cxb3 Rxe2 38. Rxe2 Ra1+ 39. Kh2 Rb1 40.
Re3 Kf6 41. Kg3 Bc5 42. Re2 Rh1 43. Rc2 h4+ 44. Kf3 Rf1+ 45. Ke2 Rf2+ 46. Kd3
Rxc2 47. Kxc2 Kxe6 48. Kd3 Bd6 49. Bd2 Kd5 50. Be1 Be7 51. Bd2 Ke5 52. Bc1 f4
53. Bd2 f3 0-1

[Event "European Rapid 2017"]
[Site "Katowice POL"]
[Date "2017.12.17"]
[Round "10.64"]
[White "De Filomeno, Simone"]
[Black "Szusterowski, Radoslaw"]
[Result "1/2-1/2"]
[WhiteTitle "IM"]
[WhiteElo "2429"]
[BlackElo "2219"]
[WhiteFideId "828688"]
[BlackFideId "1108085"]
[EventDate "2017.12.16"]

1. d4 Nf6 2. Nf3 c5 3. c4 cxd4 4. Nxd4 e5 5. Nc2 d5 6. cxd5 Qxd5 7. Qxd5 Nxd5 8.
e4 Nb4 9. Nxb4 Bxb4+ 10. Bd2 Bxd2+ 11. Nxd2 Be6 12. Rc1 O-O 13. Rc7 Nc6 14. Rxb7
Rab8 15. Rxb8 Rxb8 16. b3 Nb4 17. Bc4 Bxc4 18. Nxc4 Nxa2 19. Kd2 Rxb3 20. Ra1
Rb4 21. Nxe5 Rxe4 22. Rxa2 Rxe5 23. Rxa7 1/2-1/2

[Event "European Rapid 2017"]
[Site "Katowice POL"]
[Date "2017.12.17"]
[Round "10.65"]
[White "Kovalev, Denis"]
[Black "Herman, Jean"]
[Result "1/2-1/2"]
[WhiteTitle "IM"]
[WhiteElo "2504"]
[BlackElo "2255"]
[WhiteFideId "14104059"]
[BlackFideId "263036"]
[EventDate "2017.12.16"]

1. c4 e5 2. Nc3 Nc6 3. g3 Nf6 4. Bg2 Bc5 5. e3 d5 6. cxd5 Nb4 7. d4 exd4 8. exd4
Be7 9. Nge2 Bf5 10. O-O Nc2 11. Rb1 Nb4 12. Ra1 Nc2 1/2-1/2